Borderline - Tame Impala (All Lyrics) - Statistics

General Stats
  • This quiz has been taken 275 times
  • The average score is 166 of 273
Answer Stats
Hint Answer % Correct
a
98%
I
91%
the
90%
borderline
89%
be
85%
on
83%
to
82%
and
80%
Chorus And
80%
so
80%
in
79%
go
78%
Where
77%
this
75%
time
75%
little
73%
Little
73%
far
72%
up
72%
Chorus We're
72%
we're
72%
know
69%
Verse 1 x2 | Verse 3 x2 Gone
68%
x2 How
68%
how
68%
it
66%
love?
66%
love
66%
something
66%
Refrain Will
65%
for
64%
between
63%
Verse 2 Here
61%
here
61%
of
61%
do
60%
get
59%
Is
58%
is
58%
sun
57%
sun)
57%
that
57%
away
56%
close
56%
Close
56%
end
56%
enough?
56%
enough
56%
I'm
56%
place
56%
couldn't
55%
show
55%
Caught
54%
loved?
54%
pain
54%
wonder
54%
rapture
53%
long
52%
managed
52%
sober
52%
all
51%
by
51%
known
51%
fine
50%
was
50%
closer,
49%
closer?
49%
comes
49%
(Comes
49%
L.A.
49%
tides
49%
what
49%
trust
48%
trust?
48%
loner
47%
train
47%
Dangerously
46%
x2 like
46%
Quite
45%
there
45%
Has
44%
one
43%
rushing?
43%
with
43%
been
42%
Starting
42%
came
41%
it's
41%
loser,
41%
loosen
39%
R.I.P.,
39%
college
37%
gonna
35%
have
35%
done
34%
used
34%
high
33%
Sunday
33%
night
32%
ou
32%
must
31%
said
31%
Then
31%
Shout
30%
sign
30%
tough
30%
strangest
29%
They
29%
unforgiven
29%
free,
27%
Possibly
27%
speedin'
27%
Watched
27%
Any
26%
saw
25%
you
25%
out
23%
Setting
19%
Rudi
11%
(If
8%
(Ooh)
8%
comfortable)
6%
No matching quizzes found
Score Distribution
Percent of People with Each Score
Percentile by Number Answered
Your Score History
You have not taken this quiz